| 000 | 00464nam a2200169Ia 4500 | ||
|---|---|---|---|
| 003 | GCL | ||
| 008 | 140319s9999 xx 000 0 eng d | ||
| 040 |
_aGCL / _cGCL |
||
| 082 | 0 | 4 |
_a747.9 _bB L |
| 100 | 1 | _aBARNARD, NICHOLAS | |
| 245 | 1 | 0 |
_aLIVING WITH DECORATIVE TEXTILES / _cBARNARD, NICHOLAS |
| 260 |
_a[S.N] : _bTHAMES AND HUDSON ، _c1995 |
||
| 300 |
_a192 ؛ _c30 SM |
||
| 650 | 0 | 4 | _aINTERIOR DECORATION |
| 650 | 0 | 4 | _aDECORATION TEXTILES |
| 942 |
_2ddc _cBK |
||
| 999 |
_c24936 _d24936 |
||